000 00501nam a2200193Ia 4500
005 20260429112209.0
008 260429s9999||||xx |||||||||||||| ||und||
020 _a9789355275615
041 _aEnglish
082 _a954.01
_bHER
100 _aHeras, Henry
245 0 _aStudies in Pallava history /
_cHenry Heras
250 _a1st ed.
260 _aChennai :
_bMaven Books,
_c2023.
300 _aviii, 114 p.; hb
650 _a South India-History
650 _aPallava dynasty
942 _cTB
999 _c52844
_d52844